000
00298nam a2200121Ia 4500
999
_c
18893
_d
18893
082
_a
TS.0872
100
_a
Soni, Jyoti
245
0
_a
Rajnandgaon riyasat me mazdoor andolan: Ek atihasik anusilan 1919-1947
250
_a
Pt. Ravi Shankar Shu
260
_c
1996
300
_a
252p.
942
_c
BK
_2
ddc